| Tag |
First Indicator |
Second Indicator |
Subfields |
| LEADER |
00000cam a2200000 a 4500 |
| 001 |
in00000834621 |
| 005 |
20151019050635.0 |
| 008 |
830120s1982 dcua f00000 eng d |
| 010 |
|
|
|a gp 83006477
|
| 035 |
|
|
|a (OCoLC)09146392
|
| 035 |
|
|
|9 ADY6515AM
|
| 040 |
|
|
|a GPO
|c GPO
|d UtOrBLW
|
| 043 |
|
|
|a n-us---
|
| 074 |
|
|
|a 19-A (microfiche)
|
| 086 |
0 |
|
|a A 88.40:598
|
| 245 |
0 |
0 |
|a Facts about :
|b egg products for volume food buyers.
|
| 264 |
|
1 |
|a [Washington, D.C.?] :
|b [U.S. Dept. of Agriculture, Agricultural Marketing Service],
|c [1982]
|
| 300 |
|
|
|a 2 unnumbered pages :
|b illustrations ;
|c 28 cm.
|
| 336 |
|
|
|a text
|b txt
|2 rdacontent
|
| 337 |
|
|
|a unmediated
|b n
|2 rdamedia
|
| 338 |
|
|
|a volume
|b nc
|2 rdacarrier
|
| 500 |
|
|
|a Caption title.
|
| 500 |
|
|
|a "AMS-598."
|
| 500 |
|
|
|a "October 1982."
|
| 650 |
|
0 |
|a Egg products industry
|z United States.
|
| 650 |
|
0 |
|a Eggs
|z United States
|x Marketing.
|
| 710 |
1 |
|
|a United States.
|b Agricultural Marketing Service.
|
| 740 |
0 |
|
|a Egg products for volume food buyers.
|
| 999 |
|
|
|a MARS
|
| 999 |
f |
f |
|s 936d7c3f-8824-3371-8f31-de293a55a6eb
|i 04a71074-8020-358e-b7d1-837bba68a0a3
|t 0
|
| 952 |
f |
f |
|p normal
|a Texas A&M University
|b College Station
|c Sterling C. Evans Library
|d Evans: US Documents (Annex 5th floor)
|t 0
|e A 88.40:598
|h Superintendent of Documents classification
|i unmediated -- volume
|m A14816470317
|
| 998 |
f |
f |
|a A 88.40:598
|t 0
|l Evans: US Documents (Annex 5th floor)
|